| 000 | 00413nam a22001577a 4500 | ||
|---|---|---|---|
| 003 | OSt | ||
| 008 | 220614b ||||| |||| 00| 0 eng d | ||
| 020 | _a978-9354640506 | ||
| 082 |
_a006.212 _bMAI |
||
| 100 | _aMAHESWARI, B. Uma | ||
| 245 | _aIntroduction to Data Science: Practical Approach with R and Python | ||
| 260 |
_aNew Delhi _bWiley _c2021 |
||
| 300 | _a557 | ||
| 700 | _a Sujatha,R. | ||
| 942 |
_2ddc _cBK |
||
| 999 |
_c11360 _d11360 |
||